[Event "4NCL/Div3/MIN vs. SLOS3"]
[Site "Birmingham ENG"]
[Date "2005.10.23"]
[Round "2.1"]
[White "Radovanovic, Jovica"]
[Black "de Coverly, Roger"]
[Result "1-0"]
[WhiteElo "2339"]
[BlackElo "2083"]
[Annotator "Parker,Robert"]
[PlyCount "69"]
[EventDate "2005.10.23"]
[EventType "team"]
[EventRounds "11"]
[EventCountry "ENG"]
[SourceDate "2005.10.25"]

1. e4 e5 2. Nf3 Nc6 3. Bb5 a6 4. Ba4 Nf6 5. Qe2 b5 6. Bb3 Be7 7. O-O O-O 8. c3
d6 9. Rd1 Bg4 10. h3 Bh5 11. d3 Na5 12. Bc2 c5 13. Nbd2 Qc7 14. Nf1 Rfe8 15.
Ng3 Bg6 16. Nh4 Nd7 17. Nhf5 Bf6 18. Qf3 Rad8 19. h4 Nc6 20. Qg4 Bxf5 21. Nxf5
Kh8 22. Qf3 Ne7 23. Nxe7 Bxe7 24. h5 Rf8 25. a4 Nb6 26. axb5 axb5 27. Bb3 Qb7
28. Qg4 Ra8 {=} 29. Be3 Rxa1 30. Rxa1 Nd7 31. Qf5 Nf6 32. h6 g6 33. Qf3 c4 34.
Ra7 Qc6 35. Rxe7 1-0

[Event "4NCL/Div3/MIN vs. SLOS3"]
[Site "Birmingham ENG"]
[Date "2005.10.23"]
[Round "2.2"]
[White "Lutton, J Ezra"]
[Black "McFarland, Robert S"]
[Result "1-0"]
[WhiteElo "2114"]
[BlackElo "2257"]
[PlyCount "71"]
[EventDate "2005.10.23"]
[EventType "team"]
[EventRounds "11"]
[EventCountry "ENG"]
[SourceDate "2005.10.25"]

1. Nc3 g6 2. e4 Bg7 3. f4 c5 4. Nf3 Nc6 5. Bb5 Nd4 6. Bd3 e6 7. Nxd4 cxd4 8.
Nb5 d6 9. c3 dxc3 10. bxc3 a6 11. Qa4 Kf8 12. Nxd6 Ne7 13. Ba3 Bd7 14. Qb3 b5
15. f5 Be5 16. f6 Bxf6 17. O-O Kg7 18. Rxf6 Kxf6 19. Rf1+ Kg7 20. Rxf7+ Kg8 21.
c4 h5 22. Qc3 Rh7 23. Qf6 Nf5 24. Qxg6+ Rg7 25. Rxg7+ Nxg7 26. e5 Qb6+ 27. c5
Qa7 28. Be4 Rb8 29. Qh7+ Kf8 30. Qh8+ Ke7 31. Qxg7+ Kd8 32. d4 a5 33. Bc1 b4
34. Be3 Qa6 35. c6 Bxc6 36. Bg5# 1-0

[Event "4NCL/Div3/MIN vs. SLOS3"]
[Site "Birmingham ENG"]
[Date "2005.10.23"]
[Round "2.3"]
[White "Richards, Heather"]
[Black "McCarthy, Kevin"]
[Result "1-0"]
[WhiteElo "2239"]
[BlackElo "2060"]
[PlyCount "97"]
[EventDate "2005.10.23"]
[EventType "team"]
[EventRounds "11"]
[EventCountry "ENG"]
[SourceDate "2005.10.25"]

1. e4 e6 2. d4 d5 3. Nc3 Nf6 4. e5 Nfd7 5. f4 c5 6. Nf3 Nc6 7. Be3 a6 8. Qd2 b5
9. h3 Bb7 10. g4 cxd4 11. Nxd4 Nxd4 12. Bxd4 Bc5 13. O-O-O Rc8 14. Kb1 Bxd4 15.
Qxd4 Qb6 16. Ne4 O-O 17. Nd6 Rc7 18. Bg2 Qxd4 19. Rxd4 f6 20. exf6 Nxf6 21. Re1
Bc8 22. g5 Ne4 23. Nxe4 dxe4 24. Bxe4 g6 25. Bd3 Rc6 26. a4 bxa4 27. Rxa4 Rd8
28. h4 Kf7 29. h5 Rcd6 30. hxg6+ hxg6 31. Rh1 Rg8 32. Rh7+ Rg7 33. Rh8 Rc6 34.
Rd4 Ke7 35. Rdd8 Bd7 36. Ra8 Rc5 37. Rxa6 e5 38. b4 Rd5 39. fxe5 Rxe5 40. Ra5
Kd6 41. Rh6 Be6 42. Ra6+ Kd5 43. Rh4 Re1+ 44. Kb2 Rc7 45. Bxg6 Rg7 46. Bd3 Ke5
47. g6 Bg8 48. b5 Kd5 49. Rh5+ 1-0

[Event "4NCL/Div3/MIN vs. SLOS3"]
[Site "Birmingham ENG"]
[Date "2005.10.23"]
[Round "2.4"]
[White "Purton, Ben J"]
[Black "Hardman, Michael J"]
[Result "0-1"]
[WhiteElo "2107"]
[BlackElo "2138"]
[Annotator "Parker,Robert"]
[PlyCount "174"]
[EventDate "2005.10.23"]
[EventType "team"]
[EventRounds "11"]
[EventCountry "ENG"]
[SourceDate "2005.10.25"]

1. d4 d5 2. Nf3 Nf6 3. e3 e6 4. Nbd2 c5 5. b3 Nc6 6. Bb2 b6 7. a3 Be7 8. Bd3
Bb7 9. O-O O-O 10. c4 Rc8 11. Qe2 Re8 12. Rfd1 Qc7 13. Ne5 Nxe5 14. dxe5 Nd7
15. f4 g6 16. e4 dxe4 17. Nxe4 Bxe4 18. Bxe4 Bf8 19. h4 Nb8 20. Qf3 Nc6 21.
Bxc6 Qxc6 22. Qxc6 Rxc6 23. Rd7 Re7 24. Rd8 Rec7 25. Rad1 Kg7 26. Kf2 Be7 27.
R8d7 Bxh4+ 28. Kf3 h5 29. R1d6 {=} Kf8 30. Rd1 Ke8 31. R7d3 Rc8 32. a4 Rd8 33.
Rxd8+ Bxd8 34. g3 Rc7 35. Ke2 Rd7 36. Rh1 {=} Be7 37. Bc1 f5 38. exf6 Bxf6 39.
Be3 Bd4 40. g4 hxg4 41. Rg1 Kf7 42. Rxg4 Bxe3 43. Kxe3 Rd1 44. Rg3 Rf1 45. Rh3
Rb1 46. Ke4 Kf6 47. Rg3 a6 48. Re3 Rd1 49. Rg3 Rd4+ 50. Ke3 {=} b5 51. axb5
axb5 52. Rg5 bxc4 53. Rxc5 Rd3+ 54. Ke4 Rxb3 55. Rxc4 Rb1 56. Rc5 Rd1 57. Rb5
Rd5 58. Rb6 Ra5 59. Rc6 Ra4+ 60. Ke3 Ra5 61. Ke4 g5 62. fxg5+ {=} Rxg5 63. Rc8
Rg4+ 64. Kf3 Ra4 65. Rf8+ Ke5 66. Rh8 Ra3+ 67. Ke2 Ke4 68. Rd8 e5 69. Re8 Ra2+
70. Ke1 Kf4 71. Kd1 e4 72. Re7 Ke3 73. Rf7 Ra1+ 74. Kc2 Ke2 75. Re7 e3 76. Rh7
Rf1 77. Re7 Rf8 78. Kc1 Rc8+ 79. Kb1 Kd2 80. Rd7+ Ke1 81. Kb2 e2 82. Rf7 Rc4
83. Kb3 Rc5 84. Kb2 {=} Kd2 85. Rd7+ Ke3 86. Re7+ Kd3 87. Re8 Rc4 0-1

[Event "4NCL/Div3/MIN vs. SLOS3"]
[Site "Birmingham ENG"]
[Date "2005.10.23"]
[Round "2.5"]
[White "Parker, Robert"]
[Black "Payne, Nick"]
[Result "1/2-1/2"]
[WhiteElo "2087"]
[BlackElo "2086"]
[PlyCount "20"]
[EventDate "2005.10.23"]
[EventType "team"]
[EventRounds "11"]
[EventCountry "ENG"]
[SourceDate "2005.10.25"]

1. d4 Nf6 2. Nf3 g6 3. g3 Bg7 4. Bg2 O-O 5. O-O d5 6. Nbd2 c5 7. c3 cxd4 8.
cxd4 Nc6 9. Nb3 Bf5 10. Nh4 Bd7 1/2-1/2

[Event "4NCL/Div3/MIN vs. SLOS3"]
[Site "Birmingham ENG"]
[Date "2005.10.23"]
[Round "2.6"]
[White "Foster, James J"]
[Black "Hawkins, Nick"]
[Result "1/2-1/2"]
[WhiteElo "2068"]
[BlackElo "2036"]
[Annotator "Parker,Robert"]
[PlyCount "82"]
[EventDate "2005.10.23"]
[EventType "team"]
[EventRounds "11"]
[EventCountry "ENG"]
[SourceDate "2005.10.25"]

1. c4 Nf6 2. Nc3 e5 3. e4 Bb4 4. d3 c6 5. Bg5 h6 6. Bh4 d6 7. Be2 Be6 8. Qb3
Bxc3+ 9. bxc3 Qc7 10. f4 exf4 11. Bxf6 gxf6 {=} 12. Nf3 b5 13. O-O bxc4 14.
dxc4 Nd7 15. Nd4 Nc5 16. Qc2 O-O-O 17. Nb3 Nd7 18. c5 Nxc5 19. Nxc5 Qb6 20.
Rab1 Qxc5+ 21. Kh1 Kc7 22. Rxf4 Rb8 {=} 23. Rbf1 Qa3 24. Rxf6 Rb2 25. Qd3 Qxa2
26. Rxe6 Qxe6 27. Qd4 Rhb8 28. Bc4 c5 29. Qd3 Qg6 30. g3 f6 31. Rd1 R8b6 32.
Ra1 Kb8 33. Qd5 Rb1+ 34. Rxb1 Rxb1+ 35. Kg2 Rb2+ 36. Kg1 Rb6 37. Qe6 Qh5 38.
Qxf6 Rb1+ 39. Bf1 Qe5 40. Qd8+ Kb7 41. Qd7+ Kb8 1/2-1/2

[Event "4NCL/Div3/MIN vs. SLOS3"]
[Site "Birmingham ENG"]
[Date "2005.10.23"]
[Round "2.7"]
[White "Ackley, Peter"]
[Black "Edgell, Ben P"]
[Result "1/2-1/2"]
[WhiteElo "2015"]
[BlackElo "2025"]
[PlyCount "28"]
[EventDate "2005.10.23"]
[EventType "team"]
[EventRounds "11"]
[EventCountry "ENG"]
[SourceDate "2005.10.25"]

1. Nf3 Nf6 2. c4 c5 3. g3 Nc6 4. Bg2 g6 5. O-O Bg7 6. Nc3 O-O 7. d4 cxd4 8.
Nxd4 a6 9. c5 Qc7 10. Nxc6 dxc6 11. h3 e5 12. Be3 Be6 13. Qa4 Rad8 14. Rfd1
Rxd1+ 1/2-1/2

[Event "4NCL/Div3/MIN vs. SLOS3"]
[Site "Birmingham ENG"]
[Date "2005.10.23"]
[Round "2.8"]
[White "Yates, Susan"]
[Black "Gibbs, Dominic"]
[Result "0-1"]
[WhiteElo "1665"]
[BlackElo "1974"]
[PlyCount "114"]
[EventDate "2005.10.23"]
[EventType "team"]
[EventRounds "11"]
[EventCountry "ENG"]
[SourceDate "2005.10.25"]

1. e4 c5 2. Nf3 d6 3. d4 cxd4 4. Nxd4 Nf6 5. Nc3 e6 6. Bg5 Nc6 7. Bc4 a6 8. a4
Be7 9. Bb3 Qa5 10. Nxc6 bxc6 11. Bd2 Qc7 12. Bf4 a5 13. O-O e5 14. Be3 Be6 15.
Bxe6 fxe6 16. Re1 O-O 17. Qf3 d5 18. Qg3 Bd6 19. Bd2 Rab8 20. Rab1 Qf7 21. h3
Nh5 22. Qg4 Bc5 23. Nd1 Bxf2+ 24. Nxf2 Qxf2+ 25. Kh2 Qxd2 26. Qxh5 Rxb2 27.
Qxe5 Rxc2 28. Qxe6+ Kh8 29. Qg4 h6 30. Red1 Qf4+ 31. Qxf4 Rxf4 32. exd5 cxd5
33. Rxd5 Rxa4 34. Rd3 Raa2 35. Rg3 Rab2 36. Rd1 Rd2 37. Rc1 Rbc2 38. Rb1 Rc7
39. Rb5 Ra2 40. Rd3 Rcc2 41. Rg3 Rc7 42. Re3 Ra7 43. Re1 Kh7 44. Rc1 a4 45. Rf5
a3 46. Rff1 Rb2 47. Ra1 a2 48. Kg1 Rc7 49. Kh1 Rcc2 50. Rg1 Kg6 51. Raf1 Kg5
52. Kh2 Rc3 53. Kh1 Rcb3 54. Ra1 Kh4 55. Rgf1 Rb1 56. Kh2 Rxa1 57. Rxa1 Rb2 0-1

[Event "4NCL/Div3/HKFC vs. PPA2"]
[Site "Birmingham ENG"]
[Date "2005.10.23"]
[Round "2.1"]
[White "Fowler, Simon"]
[Black "Goodger, Martyn"]
[Result "1-0"]
[WhiteElo "2202"]
[BlackElo "2162"]
[PlyCount "61"]
[EventDate "2005.10.23"]
[EventType "team"]
[EventRounds "11"]
[EventCountry "ENG"]
[SourceDate "2005.10.25"]

1. d4 f5 2. Nc3 Nf6 3. Bg5 d5 4. Bxf6 exf6 5. e3 Be6 6. Bd3 Qd7 7. Qf3 Nc6 8.
a3 g6 9. Nge2 Bf7 10. h3 h5 11. Nc1 Ne7 12. Nb3 b6 13. O-O-O O-O-O 14. Bb5 c6
15. Ba6+ Kb8 16. a4 Nc8 17. g4 Nd6 18. Bd3 hxg4 19. hxg4 Rxh1 20. Rxh1 fxg4 21.
Qxf6 Be7 22. Qe5 Re8 23. Rh7 Ka8 24. Qh2 Qe6 25. a5 Nf5 26. axb6 axb6 27. Qc7
g3 28. Bb5 Rc8 29. Rh8 Bf8 30. Rxf8 Ne7 31. Rxc8+ 1-0

[Event "4NCL/Div3/HKFC vs. PPA2"]
[Site "Birmingham ENG"]
[Date "2005.10.23"]
[Round "2.2"]
[White "Toothill, John"]
[Black "Tavoularis, Nicholas"]
[Result "0-1"]
[WhiteElo "2174"]
[BlackElo "2155"]
[PlyCount "132"]
[EventDate "2005.10.23"]
[EventType "team"]
[EventRounds "11"]
[EventCountry "ENG"]
[SourceDate "2005.10.25"]

1. e4 c5 2. Nf3 d6 3. Bb5+ Bd7 4. Bxd7+ Qxd7 5. O-O Nc6 6. c3 Nf6 7. Re1 e6 8.
d4 cxd4 9. cxd4 d5 10. e5 Ne4 11. Nc3 Nxc3 12. bxc3 Be7 13. Qd3 Na5 14. Ng5 h6
15. Nh3 Nc4 16. f4 g6 17. Nf2 h5 18. Ne4 Qc6 19. Nf6+ Bxf6 20. exf6 O-O-O 21.
Rb1 b6 22. Ba3 Kb7 23. Be7 Rd7 24. Rb3 Rc8 25. Rc1 Rdc7 26. Rb4 Nd6 27. a4 a5
28. Rb3 Qxa4 29. Rcb1 Nc4 30. Bc5 Rxc5 31. dxc5 Rxc5 32. Qd4 Qc6 33. Re1 Rb5
34. Rxb5 Qxb5 35. f5 e5 36. fxg6 exd4 37. g7 Qc6 38. g8=Q Qxf6 39. Rf1 Qe5 40.
Qxf7+ Ka6 41. cxd4 Qxd4+ 42. Kh1 Ne3 43. Rg1 Qe5 44. h3 Nf5 45. Rd1 Ng3+ 46.
Kg1 Ne2+ 47. Kh1 Nc3 48. Qf1+ b5 49. Re1 Ne4 50. Kg1 a4 51. Qf8 Qd4+ 52. Kh2 b4
53. Qa8+ Kb5 54. Qe8+ Kc4 55. Qxa4 Nc3 56. Qc2 h4 57. Re8 Qf4+ 58. Kg1 Qg3 59.
Rc8+ Kb5 60. Re8 Kc4 61. Rc8+ Kb5 62. Re8 Qf4 63. Qd3+ Qc4 64. Rb8+ Ka4 65.
Qc2+ b3 66. Qf2 Ne2+ 0-1

[Event "4NCL/Div3/HKFC vs. PPA2"]
[Site "Birmingham ENG"]
[Date "2005.10.23"]
[Round "2.3"]
[White "Hagesaether, Arne"]
[Black "McCorry, Rob"]
[Result "1/2-1/2"]
[WhiteElo "2177"]
[BlackElo "2080"]
[PlyCount "81"]
[EventDate "2005.10.23"]
[EventType "team"]
[EventRounds "11"]
[EventCountry "ENG"]
[SourceDate "2005.10.25"]

1. e4 Nf6 2. e5 Nd5 3. Nf3 d6 4. Bc4 Nb6 5. Bb3 Nc6 6. Qe2 e6 7. d4 dxe5 8.
dxe5 Be7 9. O-O O-O 10. Rd1 Qe8 11. c3 Na5 12. Bc2 Bd7 13. b3 Rd8 14. Nbd2 Bc8
15. Bb2 Nc6 16. Qe4 g6 17. Qf4 Nd5 18. Qh6 f5 19. exf6 Bxf6 20. Ng5 Qe7 21.
Nde4 Bxg5 22. Nxg5 Qg7 23. Qh4 h6 24. Ne4 g5 25. Qg3 Nf4 26. Qe3 Nb4 27. Rxd8
Rxd8 28. Rd1 Rxd1+ 29. Bxd1 Nc6 30. g3 Nd5 31. Qd2 Nf6 32. Nc5 Qf8 33. Nd3 e5
34. c4 Qd6 35. Bf3 Bf5 36. Bxc6 bxc6 37. Bxe5 Qxd3 38. Qxd3 Bxd3 39. Bxf6 Bb1
40. a3 Ba2 41. b4 1/2-1/2

[Event "4NCL/Div3/HKFC vs. PPA2"]
[Site "Birmingham ENG"]
[Date "2005.10.23"]
[Round "2.4"]
[White "Kemp, Paul"]
[Black "Forman, Karl L"]
[Result "1/2-1/2"]
[WhiteElo "2125"]
[BlackElo "2026"]
[PlyCount "73"]
[EventDate "2005.10.23"]
[EventType "team"]
[EventRounds "11"]
[EventCountry "ENG"]
[SourceDate "2005.10.25"]

1. e4 Nf6 2. Nc3 d5 3. e5 d4 4. exf6 dxc3 5. fxg7 cxd2+ 6. Bxd2 Bxg7 7. Qf3 Nc6
8. O-O-O Qd6 9. Bc3 Qh6+ 10. Kb1 Bxc3 11. Qxc3 Rg8 12. Nf3 Bd7 13. g3 O-O-O 14.
h4 Bg4 15. Bg2 Qh5 16. Rxd8+ Rxd8 17. Ng5 h6 18. Ne4 Bf5 19. b3 Nd4 20. Qc5 Qe2
21. Qe5 Qxc2+ 22. Ka1 e6 23. Re1 Bxe4 24. Qxe4 Qc3+ 25. Kb1 Nc6 26. Rc1 Qd2 27.
Rc2 Qd1+ 28. Rc1 Qd4 29. Qf3 f6 30. Rc4 Qd1+ 31. Qxd1 Rxd1+ 32. Kc2 Rd6 33. Rg4
Nd4+ 34. Kc3 Nb5+ 35. Kc2 Nd4+ 36. Kc3 Nb5+ 37. Kc2 1/2-1/2

[Event "4NCL/Div3/HKFC vs. PPA2"]
[Site "Birmingham ENG"]
[Date "2005.10.23"]
[Round "2.5"]
[White "Bullock, Andrew"]
[Black "Retallick, Lloyd"]
[Result "0-1"]
[WhiteElo "1866"]
[BlackElo "2080"]
[Annotator "Parker,Robert"]
[PlyCount "126"]
[EventDate "2005.10.23"]
[EventType "team"]
[EventRounds "11"]
[EventCountry "ENG"]
[SourceDate "2005.10.25"]

1. c4 e6 2. Nc3 d5 3. cxd5 exd5 4. Nf3 Nf6 5. h3 Be7 6. d4 O-O 7. Bf4 c6 8. e3
Qb6 9. Qc2 Bf5 10. Bd3 Bxd3 11. Qxd3 Qa6 12. Ne5 Qxd3 13. Nxd3 Nbd7 14. O-O Ne4
15. Rac1 a5 16. Rfd1 Nxc3 17. Rxc3 Rfe8 18. Rdc1 a4 19. b4 Nb6 20. b5 Nc4 21.
bxc6 bxc6 22. Ne5 c5 23. dxc5 Nxe5 24. Bxe5 Bxc5 25. Rxc5 Rxe5 26. Rd1 Kf8 27.
Rd4 a3 28. Rb4 Re4 {=} 29. Rxe4 dxe4 30. Rc3 f5 31. Kh2 Ke7 32. f4 exf3 33.
gxf3 Ra4 34. Kg3 g6 35. Rc7+ Kf6 36. Rxh7 Rc4 37. Ra7 Rc3 38. Ra6+ Ke5 39. f4+
Ke4 40. Re6+ Kd3 41. Kf3 Kd2 42. h4 Rd3 43. Kf2 Kc3 44. Rxg6 Rd2+ 45. Kf3 Rxa2
46. Rf6 Rh2 47. Rxf5 Rxh4 48. Ra5 Kb2 49. e4 a2 50. e5 Rh3+ 51. Kg4 Ra3 52.
Rxa3 Kxa3 53. Kf5 a1=Q 54. Kf6 Kb4 55. f5 Kc5 56. Ke6 Qa8 57. Kf7 Qb7+ 58. Kg6
Qg2+ 59. Kf7 Qd5+ 60. Kf6 Qd8+ 61. Kf7 Qd7+ 62. Kf6 Qe8 63. e6 Kd6 0-1

[Event "4NCL/Div3/HKFC vs. PPA2"]
[Site "Birmingham ENG"]
[Date "2005.10.23"]
[Round "2.6"]
[White "Bailey, Kevin"]
[Black "Foord, Dominic"]
[Result "0-1"]
[WhiteElo "2089"]
[BlackElo "1915"]
[PlyCount "64"]
[EventDate "2005.10.23"]
[EventType "team"]
[EventRounds "11"]
[EventCountry "ENG"]
[SourceDate "2005.10.25"]

1. d4 f5 2. Nf3 e6 3. g3 Nf6 4. Bg2 Be7 5. O-O O-O 6. c4 d6 7. b4 Ne4 8. Bb2
Bf6 9. Nbd2 Qe8 10. Qb3 c6 11. Nxe4 fxe4 12. Nd2 d5 13. f3 exf3 14. exf3 g5 15.
Rae1 Qf7 16. f4 Qg7 17. Qd3 Nd7 18. fxg5 Qxg5 19. c5 a5 20. Nf3 Qg7 21. b5 Nxc5
22. Qc2 Ne4 23. bxc6 bxc6 24. Ne5 Ba6 25. Qxc6 Bxf1 26. Qxe6+ Kh8 27. Rxf1 Bxe5
28. dxe5 Qa7+ 29. Kh1 Nf2+ 30. Rxf2 Qxf2 31. Qf6+ Rxf6 32. exf6 Qe1+ 0-1

[Event "4NCL/Div3/HKFC vs. PPA2"]
[Site "Birmingham ENG"]
[Date "2005.10.23"]
[Round "2.7"]
[White "Fowler, Keith C"]
[Black "Winfridsson, Ola"]
[Result "0-1"]
[WhiteElo "1620"]
[BlackElo "2099"]
[PlyCount "70"]
[EventDate "2005.10.23"]
[EventType "team"]
[EventRounds "11"]
[EventCountry "ENG"]
[SourceDate "2005.10.25"]

1. c4 e6 2. Nc3 Bb4 3. Nf3 Nf6 4. d4 c5 5. a3 Bxc3+ 6. bxc3 d6 7. Qc2 Nc6 8. e4
e5 9. d5 Na5 10. Be2 O-O 11. O-O Ne8 12. Qd3 Nb3 13. Rb1 Nxc1 14. Rfxc1 f5 15.
Nd2 b6 16. f3 f4 17. g4 Qh4 18. Kg2 Rf6 19. Rh1 h5 20. Rbg1 hxg4 21. fxg4 Bxg4
22. Bxg4 Qxg4+ 23. Kf1 Qh5 24. Nf3 Qh3+ 25. Rg2 Rg6 26. Rhg1 Nf6 27. Nxe5 Qxd3+
28. Nxd3 Rxg2 29. Rxg2 Nxe4 30. Nxf4 Rf8 31. Rg4 g5 32. Ke2 Rxf4 33. Rxf4 gxf4
34. Kf3 Nxc3 35. Kxf4 b5 0-1

[Event "4NCL/Div3/HKFC vs. PPA2"]
[Site "Birmingham ENG"]
[Date "2005.10.23"]
[Round "2.8"]
[White "Williams, Soriah L"]
[Black "Foord, Alex"]
[Result "1-0"]
[WhiteElo "1465"]
[BlackElo "1170"]
[PlyCount "51"]
[EventDate "2005.10.23"]
[EventType "team"]
[EventRounds "11"]
[EventCountry "ENG"]
[SourceDate "2005.10.25"]

1. e4 e5 2. Nf3 Nc6 3. Nc3 Nf6 4. Bb5 a6 5. Ba4 b5 6. Bb3 d6 7. d3 Bg4 8. h3
Bh5 9. Bg5 Be7 10. a4 O-O 11. axb5 axb5 12. Rxa8 Qxa8 13. Nxb5 Rc8 14. O-O Qa5
15. Nc3 Rb8 16. Bxf6 Bxf6 17. Nd5 Ne7 18. Nxe7+ Bxe7 19. Qe2 c6 20. Rb1 d5 21.
exd5 cxd5 22. g4 Bg6 23. Qxe5 Re8 24. Re1 f6 25. Bxd5+ Bf7 26. Bxf7+ 1-0

[Event "4NCL/Div3/SWD2 vs. BRI2"]
[Site "Birmingham ENG"]
[Date "2005.10.23"]
[Round "2.1"]
[White "Powell, Lloyd"]
[Black "Easton, Alex"]
[Result "1/2-1/2"]
[WhiteElo "2184"]
[BlackElo "2100"]
[PlyCount "66"]
[EventDate "2005.10.23"]
[EventType "team"]
[EventRounds "11"]
[EventCountry "ENG"]
[SourceDate "2005.10.25"]

1. d4 Nf6 2. c4 g6 3. Nc3 d5 4. Nf3 Bg7 5. cxd5 Nxd5 6. e4 Nxc3 7. bxc3 c5 8.
Rb1 O-O 9. Be2 cxd4 10. cxd4 Qa5+ 11. Bd2 Qxa2 12. O-O Bg4 13. Bg5 h6 14. Be3
Nc6 15. d5 Ne5 16. Re1 Bxf3 17. gxf3 g5 18. f4 gxf4 19. Bxf4 b6 20. Rb3 Ng6 21.
Be3 Rfc8 22. Bd3 Ne5 23. Bb1 Qa5 24. Kh1 Rc4 25. Rg1 Rac8 26. Bxh6 Ng6 27. Qh5
Bxh6 28. Qxh6 Rc3 29. Rb2 Qc5 30. Re2 Rc1 31. Qg5 Rxg1+ 32. Qxg1 Qc1 33. Re1
Qf4 1/2-1/2

[Event "4NCL/Div3/SWD2 vs. BRI2"]
[Site "Birmingham ENG"]
[Date "2005.10.23"]
[Round "2.2"]
[White "Crockart, Scott"]
[Black "May, Frank"]
[Result "1/2-1/2"]
[WhiteElo "2070"]
[BlackElo "2145"]
[Annotator "Parker,Robert"]
[PlyCount "58"]
[EventDate "2005.10.23"]
[EventType "team"]
[EventRounds "11"]
[EventCountry "ENG"]
[SourceDate "2005.10.25"]

1. e4 e6 2. d4 d5 3. Nc3 Nf6 4. Bg5 Bb4 5. e5 h6 6. Bd2 Bxc3 7. bxc3 Ne4 8. Nf3
c5 9. Bd3 Nc6 10. O-O Nxd2 11. Qxd2 Qa5 12. Rfd1 cxd4 13. cxd4 Qxd2 14. Rxd2
Bd7 15. a3 Na5 16. Kf1 Rc8 17. Ke2 Ke7 18. Ne1 Rc3 19. f4 Rhc8 20. Ra2 Nc4 21.
Bxc4 R8xc4 22. Rd3 Bb5 23. Rxc3 Rxc3+ 24. Kd2 Rc4 25. c3 {=} Ra4 26. Rb2 Ba6
27. Nc2 b6 28. Rb4 Rxb4 29. cxb4 Bb5 1/2-1/2

[Event "4NCL/Div3/SWD2 vs. BRI2"]
[Site "Birmingham ENG"]
[Date "2005.10.23"]
[Round "2.3"]
[White "Brown, Alan M"]
[Black "Sasot Samplon, Eloy"]
[Result "1/2-1/2"]
[WhiteElo "2142"]
[BlackElo "2122"]
[PlyCount "46"]
[EventDate "2005.10.23"]
[EventType "team"]
[EventRounds "11"]
[EventCountry "ENG"]
[SourceDate "2005.10.25"]

1. c4 c6 2. Nf3 d5 3. e3 Nf6 4. b3 Nbd7 5. Bb2 e6 6. Be2 Bd6 7. d4 O-O 8. O-O
Ne4 9. Nbd2 f5 10. Ne5 Nxd2 11. Qxd2 Qc7 12. f4 Nf6 13. Qc1 Qe7 14. a4 Bd7 15.
Ba3 Bxa3 16. Qxa3 Qxa3 17. Rxa3 Be8 18. h3 Nd7 19. Nd3 Bf7 20. Rc1 Rfc8 21. Bf3
Kf8 22. Rc2 Ke7 23. Kf2 Rg8 1/2-1/2

[Event "4NCL/Div3/SWD2 vs. BRI2"]
[Site "Birmingham ENG"]
[Date "2005.10.23"]
[Round "2.4"]
[White "Humphreys, Jerry"]
[Black "Sully, David"]
[Result "1-0"]
[WhiteElo "2084"]
[BlackElo "2135"]
[Annotator "Parker,Robert"]
[PlyCount "115"]
[EventDate "2005.10.23"]
[EventType "team"]
[EventRounds "11"]
[EventCountry "ENG"]
[SourceDate "2005.10.25"]

1. c4 b6 2. Nf3 Bb7 3. g3 Bxf3 4. exf3 c5 5. Bg2 Nc6 6. O-O g6 7. Nc3 Bg7 8. d3
Nh6 9. Bxh6 Bxh6 10. f4 Bg7 11. Qd2 e6 12. Rab1 O-O 13. Kh1 {=} Rc8 14. Rfe1
Nd4 15. b4 d6 16. Rec1 Bh6 17. Re1 e5 18. Nd5 exf4 19. Ne7+ Kg7 20. Qb2 Rc7 21.
Nc6 Rxc6 22. Bxc6 Bg5 23. Bd5 Qf6 24. Re4 fxg3 25. f4 Bh4 26. Rf1 Qf5 27. Qg2
gxh2 28. Re3 Qd7 29. Rh3 Bf6 30. Qxh2 Rh8 31. Be4 Nf5 32. Rg1 cxb4 33. Qg2 Ne7
34. Qf3 a5 35. f5 a4 36. fxg6 fxg6 37. Rf1 Qe6 38. Qe3 h6 39. Rhf3 Rf8 40. Qxb6
Nc8 41. Qxb4 Qg4 42. Qd2 Qh4+ 43. Qh2 Qxh2+ 44. Kxh2 g5 45. Kg2 Ne7 46. a3 g4
47. Rf4 h5 48. Rb1 Ng6 49. Rb7+ Kh6 50. Bxg6 Kxg6 51. Rb6 Kg5 52. Re4 Be5 53.
d4 Bf4 54. Rb5+ Rf5 55. Re8 Rxb5 56. cxb5 h4 57. b6 h3+ 58. Kg1 1-0

[Event "4NCL/Div3/SWD2 vs. BRI2"]
[Site "Birmingham ENG"]
[Date "2005.10.23"]
[Round "2.5"]
[White "Burton, Graham P"]
[Black "Steer, Graham"]
[Result "1/2-1/2"]
[WhiteElo "2130"]
[BlackElo "2035"]
[PlyCount "31"]
[EventDate "2005.10.23"]
[EventType "team"]
[EventRounds "11"]
[EventCountry "ENG"]
[SourceDate "2005.10.25"]

1. e4 e6 2. d4 d5 3. e5 c5 4. c3 Nc6 5. Be3 Bd7 6. Nf3 cxd4 7. cxd4 f6 8. Bd3
Rc8 9. O-O Nb4 10. Nc3 Nxd3 11. Qxd3 Bb4 12. Rfc1 Ne7 13. a3 Bxc3 14. Rxc3 Rxc3
15. Qxc3 Nf5 16. Rc1 1/2-1/2

[Event "4NCL/Div3/SWD2 vs. BRI2"]
[Site "Birmingham ENG"]
[Date "2005.10.23"]
[Round "2.6"]
[White "Hunt-Grubbe, Henry"]
[Black "Miles, Richard"]
[Result "1-0"]
[WhiteElo "1985"]
[BlackElo "2145"]
[PlyCount "81"]
[EventDate "2005.10.23"]
[EventType "team"]
[EventRounds "11"]
[EventCountry "ENG"]
[SourceDate "2005.10.25"]

1. d4 Nf6 2. Nc3 d5 3. Bg5 e6 4. e4 Bb4 5. e5 h6 6. Bh4 g5 7. Bg3 Ne4 8. Nge2
c5 9. a3 cxd4 10. axb4 dxc3 11. Nxc3 Nxc3 12. bxc3 Qc7 13. Qd2 Nd7 14. h4 gxh4
15. Rxh4 Nb6 16. Ra5 Nd7 17. Ra3 b6 18. Rxh6 Rg8 19. Qf4 Bb7 20. Bb5 O-O-O 21.
Qxf7 Rxg3 22. Bxd7+ Kb8 23. fxg3 Rxd7 24. Qxe6 Bc8 25. Kd2 d4 26. c4 d3 27. c3
Rd8 28. Qf6 Rd7 29. Rh8 Qb7 30. Qf3 Qc7 31. Qf8 Qc6 32. Qxc8+ Qxc8 33. Rxc8+
Kxc8 34. e6 Rg7 35. Kxd3 Rxg3+ 36. Kd4 Rxg2 37. Rxa7 Rg1 38. Kd5 Rd1+ 39. Kc6
Kb8 40. Rd7 Re1 41. e7 1-0

[Event "4NCL/Div3/SWD2 vs. BRI2"]
[Site "Birmingham ENG"]
[Date "2005.10.23"]
[Round "2.7"]
[White "van Kemenade, Rudy"]
[Black "Owens, Megan"]
[Result "1-0"]
[WhiteElo "2068"]
[BlackElo "1645"]
[Annotator "Parker,Robert"]
[PlyCount "119"]
[EventDate "2005.10.23"]
[EventType "team"]
[EventRounds "11"]
[EventCountry "ENG"]
[SourceDate "2005.10.25"]

1. e4 c5 2. Nf3 a6 3. c4 e6 4. Nc3 b6 5. d4 cxd4 6. Nxd4 Bb7 7. Bd3 d6 8. O-O
Nf6 9. f4 Be7 10. f5 e5 11. Nc2 O-O 12. g4 h6 13. Rf2 Nbd7 14. Rg2 Nh7 15. Ne3
Bg5 16. Bc2 Nc5 17. b4 Nd7 18. Rb1 Ndf6 19. Qe1 Bf4 20. h4 Rc8 21. Bd3 b5 22.
cxb5 axb5 23. Ned5 Nxd5 24. Nxd5 Bxc1 25. Rxc1 Rxc1 26. Qxc1 Bxd5 27. exd5 Qxh4
28. Bxb5 Rb8 29. a4 Nf6 30. Qd1 Rc8 31. Bc6 Ne4 32. a5 Qh3 33. Qe1 Qd3 34. a6
Ng5 35. Qe2 Qd4+ 36. Kh2 Qf4+ 37. Kh1 Ne4 38. Qe1 Qf3 39. a7 Nf6 40. a8=Q Rxa8
41. Bxa8 Nxg4 42. Qg3 Qd1+ 43. Rg1 Nf2+ 44. Kg2 Qd4 45. Rf1 Ne4 46. Qe1 Qb2+
47. Kh1 Nf6 48. Rg1 Ne8 49. Bc6 Nf6 50. Qg3 Kf8 51. b5 Ne4 52. Qxg7+ Ke7 53.
Qg2 Nf2+ 54. Kh2 Ng4+ 55. Kh3 Nf2+ 56. Kh4 Qd4+ 57. Kh5 Ne4 58. Kxh6 Qe3+ 59.
Kg7 Nf6 60. Qg5 {time} 1-0

[Event "4NCL/Div3/SWD2 vs. BRI2"]
[Site "Birmingham ENG"]
[Date "2005.10.23"]
[Round "2.8"]
[White "Owens, Jonathan"]
[Black "van Kemenade, Julie"]
[Result "0-1"]
[WhiteElo "1600"]
[BlackElo "1935"]
[PlyCount "44"]
[EventDate "2005.10.23"]
[EventType "team"]
[EventRounds "11"]
[EventCountry "ENG"]
[SourceDate "2005.10.25"]

1. d4 d6 2. c4 g6 3. Nf3 Bg7 4. Nc3 Nd7 5. b3 c6 6. Bb2 Ngf6 7. e3 O-O 8. Bd3
e5 9. O-O Qe7 10. Qc2 Ne8 11. Rfe1 f5 12. g3 e4 13. Nxe4 fxe4 14. Bxe4 Ndf6 15.
Nd2 Nxe4 16. Nxe4 Bf5 17. f3 d5 18. cxd5 cxd5 19. g4 dxe4 20. gxf5 exf3 21. Rf1
Qg5+ 22. Kf2 Qg2+ 0-1